[Event "DEM U16 2021"]
[Site "Willingen GER"]
[Date "2021.08.27"]
[Round "7"]
[White "Haack, Kevin"]
[Black "Müller, Magnus"]
[Result "1/2-1/2"]
[Termination "normal"]
[Board "8"]
[WhiteElo "2076"]
[BlackElo "2147"]
[WhiteClock "00:20:22"]
[BlackClock "00:21:22"]
[PlyCount "62"]
[WhiteFideId "16228715"]
[BlackFideId "16230060"]
[EventCountry "GER"]
[EventRounds "9"]
[EventType "swiss"]
[EventDate "2021.08.22"]

1. Nf3 {[%clk 1:30:55]} Nf6 {[%clk 1:30:51]} 2. g3 {[%clk 1:31:20]} b5 {[%clk
1:31:06]} 3. Bg2 {[%clk 1:31:42]} Bb7 {[%clk 1:31:30]} 4. O-O {[%clk 1:31:13]}
e6 {[%clk 1:31:56]} 5. d3 {[%clk 1:29:22]} c5 {[%clk 1:30:52]} 6. e4 {[%clk
1:18:34]} d6 {[%clk 1:27:47]} 7. c3 {[%clk 1:17:19]} Be7 {[%clk 1:27:28]} 8. a4
{[%clk 1:16:09]} b4 {[%clk 1:21:05]} 9. cxb4 {[%clk 1:05:32]} cxb4 {[%clk
1:21:28]} 10. b3 {[%clk 1:05:50]} O-O {[%clk 1:19:32]} 11. Bb2 {[%clk 1:05:23]}
d5 {[%clk 1:16:08]} 12. e5 {[%clk 1:00:38]} Nfd7 {[%clk 1:14:39]} 13. d4 {[%clk
1:00:14]} Nc6 {[%clk 1:13:00]} 14. Re1 {[%clk 0:57:41]} Qb6 {[%clk 1:11:55]}
15. Nbd2 {[%clk 0:51:20]} Rfc8 {[%clk 1:02:53]} 16. Bf1 {[%clk 0:41:42]} Ba6
{[%clk 0:43:17]} 17. Rc1 {[%clk 0:39:17]} Na5 {[%clk 0:42:09]} 18. Rxc8+ {[%clk
0:38:56]} Rxc8 {[%clk 0:39:32]} 19. Qb1 {[%clk 0:39:16]} Bxf1 {[%clk 0:37:01]}
20. Rxf1 {[%clk 0:36:00]} Rc6 {[%clk 0:36:28]} 21. Rc1 {[%clk 0:30:05]} Rxc1+
{[%clk 0:36:12]} 22. Qxc1 {[%clk 0:29:50]} Qc6 {[%clk 0:36:34]} 23. Kf1 {[%clk
0:27:06]} Bd8 {[%clk 0:32:48]} 24. Qxc6 {[%clk 0:23:26]} Nxc6 {[%clk 0:32:23]}
25. Ne1 {[%clk 0:23:37]} f5 {[%clk 0:23:46]} 26. Ke2 {[%clk 0:21:55]} g5 {[%clk
0:22:30]} 27. f4 {[%clk 0:21:20]} g4 {[%clk 0:22:12]} 28. Nc2 {[%clk 0:20:33]}
a5 {[%clk 0:22:34]} 29. Ne1 {[%clk 0:20:22]} Bb6 {[%clk 0:22:21]} 30. Kd3
{[%clk 0:20:10]} Kf7 {[%clk 0:22:29]} 31. Nf1 {[%clk 0:20:22]} Nf8 {[%clk
0:21:22]} 1/2-1/2

[Event "DEM U16 2021"]
[Site "Willingen GER"]
[Date "2021.08.27"]
[Round "7"]
[White "Milare, Tyron"]
[Black "Ponomarev, Maximilian"]
[Result "1-0"]
[Termination "normal"]
[Board "9"]
[WhiteElo "2161"]
[BlackElo "1940"]
[WhiteClock "00:27:04"]
[BlackClock "00:09:44"]
[PlyCount "81"]
[WhiteFideId "12987018"]
[BlackFideId "16216768"]
[EventCountry "GER"]
[EventRounds "9"]
[EventType "swiss"]
[EventDate "2021.08.22"]

1. d4 {[%clk 1:30:56]} d5 {[%clk 1:30:42]} 2. Nf3 {[%clk 1:31:21]} Nf6 {[%clk
1:30:56]} 3. c4 {[%clk 1:31:46]} dxc4 {[%clk 1:31:01]} 4. e3 {[%clk 1:32:05]}
e6 {[%clk 1:31:01]} 5. Bxc4 {[%clk 1:29:59]} a6 {[%clk 1:31:08]} 6. a4 {[%clk
1:30:22]} c5 {[%clk 1:31:11]} 7. O-O {[%clk 1:30:40]} Nc6 {[%clk 1:31:03]} 8.
Qe2 {[%clk 1:29:15]} cxd4 {[%clk 1:30:07]} 9. Rd1 {[%clk 1:28:58]} Be7 {[%clk
1:30:31]} 10. Nxd4 {[%clk 1:26:44]} Nxd4 {[%clk 1:29:32]} 11. Rxd4 {[%clk
1:27:05]} Qc7 {[%clk 1:29:14]} 12. b3 {[%clk 1:23:53]} Bd7 {[%clk 1:21:55]} 13.
Ba3 {[%clk 1:14:14]} Bc6 {[%clk 1:18:24]} 14. Bxe7 {[%clk 1:13:14]} Qxe7 {[%clk
1:17:20]} 15. Nc3 {[%clk 1:13:16]} O-O {[%clk 1:17:27]} 16. Rad1 {[%clk
1:13:14]} Rfd8 {[%clk 1:13:16]} 17. Qd2 {[%clk 1:13:06]} Rd7 {[%clk 1:09:57]}
18. Rxd7 {[%clk 1:12:55]} Qxd7 {[%clk 1:10:22]} 19. Qe2 {[%clk 1:07:47]} Qe7
{[%clk 1:08:36]} 20. e4 {[%clk 1:07:55]} Rd8 {[%clk 1:08:42]} 21. f3 {[%clk
0:55:03]} Qc5+ {[%clk 0:51:06]} 22. Qf2 {[%clk 0:53:58]} Rxd1+ {[%clk 0:51:01]}
23. Nxd1 {[%clk 0:54:18]} Qxf2+ {[%clk 0:50:07]} 24. Kxf2 {[%clk 0:54:41]} a5
{[%clk 0:50:18]} 25. Ke3 {[%clk 0:50:09]} e5 {[%clk 0:45:46]} 26. Kd3 {[%clk
0:48:16]} b6 {[%clk 0:31:27]} 27. Ne3 {[%clk 0:47:17]} Kf8 {[%clk 0:27:01]} 28.
Bd5 {[%clk 0:44:44]} Bxd5 {[%clk 0:25:37]} 29. exd5 {[%clk 0:45:07]} Nd7 {[%clk
0:25:19]} 30. Kc4 {[%clk 0:45:23]} Ke7 {[%clk 0:22:54]} 31. g4 {[%clk 0:39:43]}
g6 {[%clk 0:11:45]} 32. g5 {[%clk 0:39:34]} f5 {[%clk 0:11:49]} 33. gxf6+
{[%clk 0:39:17]} Kxf6 {[%clk 0:12:01]} 34. Kb5 {[%clk 0:38:12]} Ke7 {[%clk
0:09:37]} 35. Nc4 {[%clk 0:29:24]} g5 {[%clk 0:09:08]} 36. Kc6 {[%clk 0:26:07]}
h5 {[%clk 0:09:19]} 37. h3 {[%clk 0:26:05]} e4 {[%clk 0:08:32]} 38. fxe4 {[%clk
0:26:29]} g4 {[%clk 0:08:59]} 39. hxg4 {[%clk 0:26:43]} h4 {[%clk 0:09:18]} 40.
Ne3 {[%clk 0:26:55]} h3 {[%clk 0:09:44]} 41. Nf5+ {[%clk 0:27:04]} 1-0

[Event "DEM U16 2021"]
[Site "Willingen GER"]
[Date "2021.08.27"]
[Round "7"]
[White "Rohde, Niclas"]
[Black "Nied, Pascal"]
[Result "0-1"]
[Termination "normal"]
[Board "10"]
[WhiteElo "1591"]
[BlackElo "1870"]
[WhiteClock "00:00:53"]
[BlackClock "00:36:03"]
[PlyCount "94"]
[WhiteFideId "16230205"]
[BlackFideId "16260597"]
[EventCountry "GER"]
[EventRounds "9"]
[EventType "swiss"]
[EventDate "2021.08.22"]

1. e4 {[%clk 1:30:55]} e6 {[%clk 1:30:56]} 2. d4 {[%clk 1:31:16]} d5 {[%clk
1:31:23]} 3. exd5 {[%clk 1:31:37]} exd5 {[%clk 1:31:50]} 4. c4 {[%clk 1:31:52]}
Bb4+ {[%clk 1:32:15]} 5. Nc3 {[%clk 1:32:12]} Nf6 {[%clk 1:32:41]} 6. Nf3
{[%clk 1:31:56]} O-O {[%clk 1:33:05]} 7. Bd3 {[%clk 1:31:57]} dxc4 {[%clk
1:33:17]} 8. Bxc4 {[%clk 1:32:18]} Bg4 {[%clk 1:33:39]} 9. O-O {[%clk 1:30:41]}
Nc6 {[%clk 1:34:02]} 10. Be3 {[%clk 1:29:55]} Qd6 {[%clk 1:34:27]} 11. h3
{[%clk 1:24:09]} Bh5 {[%clk 1:34:49]} 12. Nb5 {[%clk 1:11:18]} Qd7 {[%clk
1:34:21]} 13. g4 {[%clk 1:09:22]} Nxg4 {[%clk 1:32:15]} 14. hxg4 {[%clk
1:07:33]} Qxg4+ {[%clk 1:32:27]} 15. Kh2 {[%clk 1:05:50]} Qxf3 {[%clk 1:32:35]}
16. Qxf3 {[%clk 1:05:58]} Bxf3 {[%clk 1:32:58]} 17. Bf4 {[%clk 1:05:17]} Rad8
{[%clk 1:24:42]} 18. Bxc7 {[%clk 0:58:53]} Rd7 {[%clk 1:21:04]} 19. Be5 {[%clk
0:46:02]} a6 {[%clk 1:19:44]} 20. Nc3 {[%clk 0:45:07]} Nxd4 {[%clk 1:18:05]}
21. Rg1 {[%clk 0:35:37]} g6 {[%clk 1:16:31]} 22. Rg3 {[%clk 0:34:27]} Bd6
{[%clk 1:15:00]} 23. Bxd6 {[%clk 0:33:04]} Rxd6 {[%clk 1:15:08]} 24. Re1 {[%clk
0:28:24]} Bc6 {[%clk 1:11:02]} 25. Kh3 {[%clk 0:25:10]} Nf3 {[%clk 1:09:11]}
26. Re3 {[%clk 0:23:53]} Rd4 {[%clk 1:08:22]} 27. Bd5 {[%clk 0:22:15]} Bxd5
{[%clk 0:57:58]} 28. Nxd5 {[%clk 0:22:36]} Rxd5 {[%clk 0:58:22]} 29. Rgxf3
{[%clk 0:22:58]} f5 {[%clk 0:54:19]} 30. Rb3 {[%clk 0:17:51]} Rf7 {[%clk
0:50:52]} 31. Rf4 {[%clk 0:16:36]} Rfd7 {[%clk 0:50:24]} 32. Kg2 {[%clk
0:16:32]} b5 {[%clk 0:49:12]} 33. a4 {[%clk 0:14:15]} R7d6 {[%clk 0:46:45]} 34.
Rfb4 {[%clk 0:05:52]} bxa4 {[%clk 0:45:14]} 35. Rc3 {[%clk 0:03:49]} Rb5 {[%clk
0:41:47]} 36. Rbc4 {[%clk 0:02:53]} Rxb2 {[%clk 0:38:57]} 37. Rc7 {[%clk
0:02:06]} Rdd2 {[%clk 0:36:12]} 38. Ra7 {[%clk 0:01:25]} Rxf2+ {[%clk 0:36:24]}
39. Kg3 {[%clk 0:01:28]} Rfc2 {[%clk 0:36:42]} 40. Rxc2 {[%clk 0:00:31]} Rxc2
{[%clk 0:37:04]} 41. Rxa6 {[%clk 0:00:56]} Ra2 {[%clk 0:37:13]} 42. Ra7 {[%clk
0:00:54]} a3 {[%clk 0:37:34]} 43. Kf4 {[%clk 0:01:14]} Ra1 {[%clk 0:36:22]} 44.
Kg5 {[%clk 0:01:24]} Kf8 {[%clk 0:35:24]} 45. Kf6 {[%clk 0:01:12]} Ke8 {[%clk
0:35:37]} 46. Rxh7 {[%clk 0:01:00]} a2 {[%clk 0:35:45]} 47. Ra7 {[%clk
0:00:53]} f4 {[%clk 0:36:03]} 0-1

[Event "DEM U16 2021"]
[Site "Willingen GER"]
[Date "2021.08.27"]
[Round "7"]
[White "Klugstedt, Vincent C."]
[Black "Albert, Markus"]
[Result "0-1"]
[Termination "normal"]
[Board "11"]
[WhiteElo "1932"]
[BlackElo "1951"]
[WhiteClock "00:22:54"]
[BlackClock "00:17:53"]
[PlyCount "224"]
[WhiteFideId "16216393"]
[BlackFideId "16292626"]
[EventCountry "GER"]
[EventRounds "9"]
[EventType "swiss"]
[EventDate "2021.08.22"]

1. d4 {[%clk 1:30:58]} d6 {[%clk 1:30:43]} 2. e4 {[%clk 1:31:07]} f5 {[%clk
1:29:38]} 3. Nc3 {[%clk 1:30:12]} Nf6 {[%clk 1:29:50]} 4. Bd3 {[%clk 1:29:24]}
fxe4 {[%clk 1:28:17]} 5. Nxe4 {[%clk 1:29:04]} g6 {[%clk 1:28:42]} 6. Nf3
{[%clk 1:26:05]} Bg7 {[%clk 1:28:53]} 7. O-O {[%clk 1:24:33]} O-O {[%clk
1:28:58]} 8. c3 {[%clk 1:15:13]} Nc6 {[%clk 1:21:12]} 9. Neg5 {[%clk 1:04:42]}
d5 {[%clk 0:54:14]} 10. Re1 {[%clk 1:03:19]} Re8 {[%clk 0:39:42]} 11. Ne5
{[%clk 0:54:03]} e6 {[%clk 0:17:10]} 12. Bb5 {[%clk 0:52:37]} Nxe5 {[%clk
0:14:59]} 13. Bxe8 {[%clk 0:51:15]} Qxe8 {[%clk 0:14:39]} 14. dxe5 {[%clk
0:51:06]} Nd7 {[%clk 0:14:46]} 15. Bf4 {[%clk 0:48:14]} Nb6 {[%clk 0:13:49]}
16. Qg4 {[%clk 0:46:30]} Bd7 {[%clk 0:12:43]} 17. Nf3 {[%clk 0:44:16]} Na4
{[%clk 0:12:20]} 18. Re2 {[%clk 0:42:04]} h6 {[%clk 0:10:25]} 19. Rc2 {[%clk
0:40:18]} g5 {[%clk 0:09:38]} 20. Be3 {[%clk 0:39:36]} Qg6 {[%clk 0:09:26]} 21.
Rac1 {[%clk 0:39:42]} Qf5 {[%clk 0:07:50]} 22. Qxf5 {[%clk 0:36:29]} exf5
{[%clk 0:08:13]} 23. b3 {[%clk 0:36:08]} Nb6 {[%clk 0:08:22]} 24. Bxb6 {[%clk
0:36:09]} axb6 {[%clk 0:08:48]} 25. Re2 {[%clk 0:34:53]} Be6 {[%clk 0:08:03]}
26. Nd4 {[%clk 0:34:14]} Kf7 {[%clk 0:08:25]} 27. c4 {[%clk 0:32:47]} dxc4
{[%clk 0:08:21]} 28. Nxe6 {[%clk 0:33:09]} Kxe6 {[%clk 0:08:50]} 29. Rxc4
{[%clk 0:33:04]} c6 {[%clk 0:08:42]} 30. g3 {[%clk 0:32:37]} Rd8 {[%clk
0:08:49]} 31. f4 {[%clk 0:32:30]} Bf8 {[%clk 0:08:44]} 32. Kg2 {[%clk 0:31:35]}
Rd1 {[%clk 0:07:51]} 33. Ra4 {[%clk 0:30:13]} Bc5 {[%clk 0:07:50]} 34. Ra8
{[%clk 0:29:28]} Rg1+ {[%clk 0:07:32]} 35. Kh3 {[%clk 0:29:48]} Be7 {[%clk
0:07:14]} 36. fxg5 {[%clk 0:28:43]} hxg5 {[%clk 0:07:36]} 37. Ra4 {[%clk
0:28:43]} b5 {[%clk 0:07:06]} 38. Rd4 {[%clk 0:28:14]} g4+ {[%clk 0:02:57]} 39.
Rxg4 {[%clk 0:28:32]} fxg4+ {[%clk 0:03:26]} 40. Kxg4 {[%clk 0:29:01]} Rf1
{[%clk 0:03:38]} 41. h4 {[%clk 0:28:23]} Rf5 {[%clk 0:04:02]} 42. Rh2 {[%clk
0:27:36]} Rxe5 {[%clk 0:03:52]} 43. h5 {[%clk 0:26:44]} Rg5+ {[%clk 0:03:31]}
44. Kf3 {[%clk 0:26:52]} Bf6 {[%clk 0:03:27]} 45. g4 {[%clk 0:25:53]} Rg8
{[%clk 0:02:42]} 46. Rd2 {[%clk 0:25:22]} c5 {[%clk 0:02:42]} 47. Rc2 {[%clk
0:24:33]} Bd4 {[%clk 0:02:06]} 48. Kf4 {[%clk 0:24:21]} Be5+ {[%clk 0:02:14]}
49. Kf3 {[%clk 0:24:24]} Kd5 {[%clk 0:02:04]} 50. Rd2+ {[%clk 0:24:39]} Bd4
{[%clk 0:02:28]} 51. h6 {[%clk 0:24:15]} Rf8+ {[%clk 0:30:12]} 52. Kg3 {[%clk
0:54:25]} Ke6 {[%clk 0:29:37]} 53. Kh4 {[%clk 0:53:23]} Rf1 {[%clk 0:28:46]}
54. Re2+ {[%clk 0:53:06]} Kf6 {[%clk 0:27:20]} 55. g5+ {[%clk 0:48:11]} Kf5
{[%clk 0:26:32]} 56. Rh2 {[%clk 0:41:52]} Kg6 {[%clk 0:25:19]} 57. Re2 {[%clk
0:40:10]} Rh1+ {[%clk 0:25:24]} 58. Kg4 {[%clk 0:40:38]} Rg1+ {[%clk 0:25:46]}
59. Kf4 {[%clk 0:40:54]} Rxg5 {[%clk 0:24:52]} 60. Re6+ {[%clk 0:40:30]} Bf6
{[%clk 0:25:17]} 61. Rb6 {[%clk 0:40:08]} b4 {[%clk 0:23:12]} 62. h7 {[%clk
0:34:43]} Rh5 {[%clk 0:23:05]} 63. Rxb7 {[%clk 0:35:00]} Rxh7 {[%clk 0:22:15]}
64. Rb5 {[%clk 0:35:00]} Bd4 {[%clk 0:22:24]} 65. Rb6+ {[%clk 0:34:04]} Kh5
{[%clk 0:22:31]} 66. Ra6 {[%clk 0:34:11]} Re7 {[%clk 0:22:46]} 67. a3 {[%clk
0:32:19]} bxa3 {[%clk 0:21:41]} 68. Rxa3 {[%clk 0:32:13]} Re3 {[%clk 0:21:56]}
69. Kf5 {[%clk 0:32:04]} Bc3 {[%clk 0:20:58]} 70. Ra7 {[%clk 0:31:20]} Kh6
{[%clk 0:19:46]} 71. Ra6+ {[%clk 0:31:12]} Kg7 {[%clk 0:20:04]} 72. Ra7+ {[%clk
0:31:30]} Kf8 {[%clk 0:20:26]} 73. Rc7 {[%clk 0:31:12]} Bb4 {[%clk 0:20:47]}
74. Kf6 {[%clk 0:31:27]} Rf3+ {[%clk 0:21:10]} 75. Ke6 {[%clk 0:31:43]} Rxb3
{[%clk 0:21:29]} 76. Kd5 {[%clk 0:31:37]} Ke8 {[%clk 0:21:20]} 77. Kc4 {[%clk
0:31:20]} Re3 {[%clk 0:21:27]} 78. Ra7 {[%clk 0:31:17]} Re7 {[%clk 0:20:41]}
79. Ra8+ {[%clk 0:31:24]} Kd7 {[%clk 0:20:58]} 80. Ra7+ {[%clk 0:31:49]} Kd6
{[%clk 0:21:18]} 81. Ra6+ {[%clk 0:32:12]} Ke5 {[%clk 0:21:37]} 82. Rh6 {[%clk
0:32:14]} Re6 {[%clk 0:21:37]} 83. Rh5+ {[%clk 0:31:50]} Kd6 {[%clk 0:22:06]}
84. Rh4 {[%clk 0:32:06]} Bd2 {[%clk 0:21:02]} 85. Rg4 {[%clk 0:28:51]} Be3
{[%clk 0:21:18]} 86. Rh4 {[%clk 0:29:02]} Rf6 {[%clk 0:20:55]} 87. Rh8 {[%clk
0:29:02]} Bd4 {[%clk 0:17:01]} 88. Rd8+ {[%clk 0:27:54]} Ke5 {[%clk 0:17:16]}
89. Re8+ {[%clk 0:28:15]} Kf4 {[%clk 0:17:23]} 90. Re7 {[%clk 0:27:42]} Rb6
{[%clk 0:17:22]} 91. Re1 {[%clk 0:26:46]} Rb4+ {[%clk 0:16:48]} 92. Kd3 {[%clk
0:26:41]} Be5 {[%clk 0:15:07]} 93. Rf1+ {[%clk 0:25:52]} Kg4 {[%clk 0:15:20]}
94. Rf8 {[%clk 0:25:23]} c4+ {[%clk 0:14:59]} 95. Ke4 {[%clk 0:25:21]} Bb2
{[%clk 0:15:07]} 96. Rg8+ {[%clk 0:25:34]} Kh3 {[%clk 0:15:20]} 97. Ke3 {[%clk
0:25:30]} c3 {[%clk 0:15:26]} 98. Kd3 {[%clk 0:24:58]} Rd4+ {[%clk 0:15:40]}
99. Kc2 {[%clk 0:24:57]} Rd2+ {[%clk 0:15:44]} 100. Kb3 {[%clk 0:23:56]} Rg2
{[%clk 0:15:56]} 101. Rf8 {[%clk 0:23:57]} Kg3 {[%clk 0:16:17]} 102. Rf7 {[%clk
0:24:16]} Rf2 {[%clk 0:16:41]} 103. Rg7+ {[%clk 0:24:01]} Kf3 {[%clk 0:17:05]}
104. Rf7+ {[%clk 0:24:21]} Ke2 {[%clk 0:17:15]} 105. Re7+ {[%clk 0:24:38]} Kd1
{[%clk 0:15:51]} 106. Rd7+ {[%clk 0:24:53]} Kc1 {[%clk 0:16:08]} 107. Rh7
{[%clk 0:25:10]} Rf1 {[%clk 0:16:04]} 108. Rh2 {[%clk 0:25:08]} Kb1 {[%clk
0:16:22]} 109. Rc2 {[%clk 0:22:27]} Rf7 {[%clk 0:16:33]} 110. Rg2 {[%clk
0:22:35]} Rb7+ {[%clk 0:17:01]} 111. Kc4 {[%clk 0:22:32]} c2 {[%clk 0:17:29]}
112. Rxc2 {[%clk 0:22:54]} Kxc2 {[%clk 0:17:53]} 0-1

[Event "DEM U16 2021"]
[Site "Willingen GER"]
[Date "2021.08.27"]
[Round "7"]
[White "Chassard, Cedric"]
[Black "Tovmasyan, Minas"]
[Result "1-0"]
[Termination "normal"]
[Board "12"]
[WhiteElo "1971"]
[BlackElo "1869"]
[WhiteClock "00:07:39"]
[BlackClock "00:01:06"]
[PlyCount "53"]
[WhiteFideId "16243536"]
[BlackFideId "16247620"]
[EventCountry "GER"]
[EventRounds "9"]
[EventType "swiss"]
[EventDate "2021.08.22"]

1. e4 {[%clk 1:30:56]} c5 {[%clk 1:30:54]} 2. Nf3 {[%clk 1:31:18]} e6 {[%clk
1:31:19]} 3. g3 {[%clk 1:31:38]} Nc6 {[%clk 1:31:45]} 4. Bg2 {[%clk 1:31:57]}
Nf6 {[%clk 1:32:05]} 5. Qe2 {[%clk 1:32:00]} Be7 {[%clk 1:32:21]} 6. O-O {[%clk
1:32:06]} d5 {[%clk 1:32:44]} 7. d3 {[%clk 1:24:57]} O-O {[%clk 1:31:27]} 8. c3
{[%clk 1:12:20]} d4 {[%clk 1:15:58]} 9. e5 {[%clk 1:07:08]} Nd7 {[%clk
1:13:02]} 10. Nbd2 {[%clk 1:00:07]} Qc7 {[%clk 1:00:23]} 11. Re1 {[%clk
0:58:39]} dxc3 {[%clk 0:55:29]} 12. bxc3 {[%clk 0:58:24]} b6 {[%clk 0:54:24]}
13. Ne4 {[%clk 0:49:36]} Ba6 {[%clk 0:43:57]} 14. Bf4 {[%clk 0:46:45]} Rad8
{[%clk 0:40:29]} 15. Nd6 {[%clk 0:32:05]} h6 {[%clk 0:30:34]} 16. h4 {[%clk
0:29:11]} Na5 {[%clk 0:14:13]} 17. Qe3 {[%clk 0:24:58]} Nb7 {[%clk 0:10:39]}
18. Ne4 {[%clk 0:24:06]} Qc6 {[%clk 0:06:00]} 19. d4 {[%clk 0:11:58]} Bc4
{[%clk 0:05:48]} 20. Bxh6 {[%clk 0:10:40]} Bd5 {[%clk 0:03:14]} 21. Bg5 {[%clk
0:09:59]} Bxg5 {[%clk 0:03:06]} 22. Nfxg5 {[%clk 0:08:40]} Na5 23. Nh3 {[%clk
0:07:20]} Nc4 {[%clk 0:02:55]} 24. Qg5 {[%clk 0:07:33]} Rde8 {[%clk 0:01:48]}
25. Nf6+ {[%clk 0:07:04]} Nxf6 {[%clk 0:01:20]} 26. exf6 {[%clk 0:07:19]} Bxg2
{[%clk 0:01:06]} 27. Qxg7# {[%clk 0:07:39]} 1-0

[Event "DEM U16 2021"]
[Site "Willingen GER"]
[Date "2021.08.27"]
[Round "7"]
[White "Kulm, Justin"]
[Black "Lohmann, Laurin"]
[Result "0-1"]
[Termination "normal"]
[Board "13"]
[WhiteElo "1628"]
[BlackElo "1810"]
[WhiteClock "00:09:39"]
[BlackClock "00:14:09"]
[PlyCount "64"]
[WhiteFideId "34603565"]
[BlackFideId "16281594"]
[EventCountry "GER"]
[EventRounds "9"]
[EventType "swiss"]
[EventDate "2021.08.22"]

1. Nf3 {[%clk 1:30:34]} d5 {[%clk 1:30:55]} 2. g3 {[%clk 1:30:51]} Nc6 {[%clk
1:31:16]} 3. d4 {[%clk 1:30:56]} Bg4 {[%clk 1:31:21]} 4. Bg2 {[%clk 1:31:09]}
Qd7 {[%clk 1:31:30]} 5. O-O {[%clk 1:29:32]} h5 {[%clk 1:30:32]} 6. h4 {[%clk
1:27:24]} e6 {[%clk 1:25:56]} 7. b3 {[%clk 1:14:19]} Be7 {[%clk 1:22:17]} 8.
Ne5 {[%clk 1:09:26]} Nxe5 {[%clk 1:18:11]} 9. dxe5 {[%clk 1:09:47]} O-O-O
{[%clk 1:10:30]} 10. Qd2 {[%clk 1:01:15]} Kb8 {[%clk 1:01:52]} 11. Bb2 {[%clk
0:52:23]} g5 {[%clk 0:51:21]} 12. hxg5 {[%clk 0:44:46]} h4 {[%clk 0:51:37]} 13.
f3 {[%clk 0:39:08]} Bf5 {[%clk 0:43:32]} 14. g4 {[%clk 0:36:00]} Bg6 {[%clk
0:41:02]} 15. f4 {[%clk 0:29:57]} h3 {[%clk 0:33:07]} 16. Bf3 {[%clk 0:28:35]}
Qc6 {[%clk 0:32:02]} 17. Rc1 {[%clk 0:21:45]} Be4 {[%clk 0:24:57]} 18. Bd4
{[%clk 0:16:06]} Qa6 {[%clk 0:17:40]} 19. Qe3 {[%clk 0:13:04]} c5 {[%clk
0:15:07]} 20. Bxc5 {[%clk 0:09:23]} Bxc5 {[%clk 0:15:26]} 21. Qxc5 {[%clk
0:09:36]} Bxf3 {[%clk 0:15:42]} 22. exf3 {[%clk 0:07:30]} Qe2 {[%clk 0:15:39]}
23. Qf2 {[%clk 0:07:39]} h2+ {[%clk 0:15:58]} 24. Kg2 {[%clk 0:07:31]} Qxf2+
{[%clk 0:15:58]} 25. Kxf2 {[%clk 0:07:49]} h1=Q {[%clk 0:16:17]} 26. Rxh1
{[%clk 0:08:12]} Rxh1 {[%clk 0:16:40]} 27. f5 {[%clk 0:08:18]} Kc7 {[%clk
0:13:39]} 28. g6 {[%clk 0:08:24]} fxg6 {[%clk 0:13:59]} 29. f6 {[%clk 0:08:38]}
Nh6 {[%clk 0:13:50]} 30. g5 {[%clk 0:09:00]} Nf7 {[%clk 0:14:17]} 31. f4 {[%clk
0:09:24]} Kd7 {[%clk 0:13:54]} 32. f5 {[%clk 0:09:39]} exf5 {[%clk 0:14:09]}
0-1

[Event "DEM U16 2021"]
[Site "Willingen GER"]
[Date "2021.08.28"]
[Round "8"]
[White "Hommer, Jeremy"]
[Black "Bui, Bao Anh Le"]
[Result "1-0"]
[Termination "normal"]
[Board "1"]
[WhiteElo "2172"]
[BlackElo "2179"]
[WhiteClock "00:49:17"]
[BlackClock "00:01:15"]
[PlyCount "49"]
[WhiteFideId "12992577"]
[BlackFideId "12970719"]
[EventCountry "GER"]
[EventRounds "9"]
[EventType "swiss"]
[EventDate "2021.08.22"]

1. d4 {[%clk 1:30:57]} d5 {[%clk 1:30:36]} 2. c4 {[%clk 1:31:20]} dxc4 {[%clk
1:30:15]} 3. Nc3 {[%clk 1:31:42]} Nf6 {[%clk 1:29:45]} 4. Nf3 {[%clk 1:32:04]}
a6 {[%clk 1:29:00]} 5. e4 {[%clk 1:32:04]} b5 {[%clk 1:22:49]} 6. e5 {[%clk
1:32:27]} Nd5 {[%clk 1:22:02]} 7. a4 {[%clk 1:32:46]} Bb7 {[%clk 1:18:24]} 8.
e6 {[%clk 1:31:47]} f6 {[%clk 0:56:01]} 9. Be2 {[%clk 1:30:57]} Nxc3 {[%clk
0:50:59]} 10. bxc3 {[%clk 1:31:22]} Qd5 {[%clk 0:40:48]} 11. O-O {[%clk
1:31:18]} Qxe6 {[%clk 0:27:52]} 12. Re1 {[%clk 1:31:00]} Qc6 {[%clk 0:22:45]}
13. Nh4 {[%clk 1:27:43]} g6 {[%clk 0:15:37]} 14. Bf3 {[%clk 1:21:54]} Qb6
{[%clk 0:15:29]} 15. axb5 {[%clk 1:08:49]} Nd7 {[%clk 0:12:58]} 16. Be3 {[%clk
1:06:30]} a5 {[%clk 0:03:17]} 17. Qa4 {[%clk 1:02:15]} Bxf3 {[%clk 0:02:31]}
18. Nxf3 {[%clk 1:02:34]} Qd6 {[%clk 0:02:49]} 19. Qxc4 {[%clk 1:00:57]} Nb6
{[%clk 0:03:04]} 20. Qe2 {[%clk 1:00:33]} Nd5 {[%clk 0:01:46]} 21. c4 {[%clk
1:00:09]} Nb4 {[%clk 0:01:54]} 22. Nd2 {[%clk 0:54:52]} f5 {[%clk 0:01:41]} 23.
Nb3 {[%clk 0:50:29]} Bg7 {[%clk 0:01:21]} 24. Bf4 {[%clk 0:49:20]} Qd8 {[%clk
0:01:15]} 25. Nc5 {[%clk 0:49:17]} 1-0

[Event "DEM U16 2021"]
[Site "Willingen GER"]
[Date "2021.08.28"]
[Round "8"]
[White "Colbow, Collin"]
[Black "Farokhi, Keyvan"]
[Result "1-0"]
[Termination "normal"]
[Board "3"]
[WhiteTitle "FM"]
[WhiteElo "2356"]
[BlackElo "2045"]
[WhiteClock "00:16:13"]
[BlackClock "00:19:36"]
[PlyCount "67"]
[WhiteFideId "16201132"]
[BlackFideId "12998630"]
[EventCountry "GER"]
[EventRounds "9"]
[EventType "swiss"]
[EventDate "2021.08.22"]

1. Nf3 {[%clk 1:30:53]} d5 {[%clk 1:30:48]} 2. g3 {[%clk 1:31:13]} Nf6 {[%clk
1:31:11]} 3. Bg2 {[%clk 1:31:38]} e6 {[%clk 1:31:29]} 4. O-O {[%clk 1:31:59]}
Be7 {[%clk 1:31:53]} 5. c4 {[%clk 1:32:25]} O-O {[%clk 1:31:53]} 6. b3 {[%clk
1:32:53]} c5 {[%clk 1:30:27]} 7. cxd5 {[%clk 1:32:53]} Nxd5 {[%clk 1:30:16]} 8.
Bb2 {[%clk 1:31:19]} Nc6 {[%clk 1:30:17]} 9. d4 {[%clk 1:31:42]} cxd4 {[%clk
1:29:56]} 10. Nxd4 {[%clk 1:32:07]} Nxd4 {[%clk 1:30:19]} 11. Qxd4 {[%clk
1:32:25]} Bf6 {[%clk 1:30:29]} 12. Qd2 {[%clk 1:32:50]} Bxb2 {[%clk 1:28:59]}
13. Qxb2 {[%clk 1:33:16]} Qa5 {[%clk 1:12:09]} 14. Rd1 {[%clk 1:18:25]} Bd7
{[%clk 0:55:16]} 15. Bxd5 {[%clk 1:13:23]} exd5 {[%clk 0:53:14]} 16. Nc3 {[%clk
1:13:01]} Be6 {[%clk 0:53:17]} 17. b4 {[%clk 1:09:40]} Qd8 {[%clk 0:52:42]} 18.
Rd4 {[%clk 0:49:48]} Qf6 {[%clk 0:39:27]} 19. Rad1 {[%clk 0:48:25]} Rad8 {[%clk
0:39:18]} 20. Qd2 {[%clk 0:46:42]} Rfe8 {[%clk 0:39:27]} 21. e4 {[%clk
0:26:26]} Bh3 {[%clk 0:30:37]} 22. Qd3 {[%clk 0:24:11]} Qe6 {[%clk 0:25:38]}
23. Nxd5 {[%clk 0:23:14]} Rc8 {[%clk 0:23:21]} 24. Nf4 {[%clk 0:22:06]} Qh6
{[%clk 0:23:45]} 25. Rd6 {[%clk 0:21:19]} Be6 {[%clk 0:20:39]} 26. Nxe6 {[%clk
0:21:17]} fxe6 {[%clk 0:21:07]} 27. Rd7 {[%clk 0:20:58]} Rb8 {[%clk 0:21:12]}
28. Qd4 {[%clk 0:19:02]} a6 {[%clk 0:21:01]} 29. Qe5 {[%clk 0:18:19]} Qf6
{[%clk 0:20:21]} 30. Qxf6 {[%clk 0:17:54]} gxf6 {[%clk 0:20:50]} 31. R1d6
{[%clk 0:18:06]} f5 {[%clk 0:19:03]} 32. e5 {[%clk 0:18:02]} h5 {[%clk
0:19:19]} 33. Rc7 {[%clk 0:15:57]} Red8 {[%clk 0:19:36]} 34. Rxe6 {[%clk
0:16:13]} 1-0